Entry Personal Name
Number of records used in: 1
001 - CONTROL NUMBER
003 - CONTROL NUMBER IDENTIFIER
005 - DATE AND TIME OF LATEST TRANSACTION
- control field:
20231007153242.0
008 - FIXED-LENGTH DATA ELEMENTS
- fixed length control field:
921202n| azannaabn |b aaa
010 ## - LIBRARY OF CONGRESS CONTROL NUMBER
- LC control number:
n 92115518
- Canceled/invalid LC control number:
n 88600092
024 7# - OTHER STANDARD IDENTIFIER
- Standard number or code:
000000012129064X
- Source of number or code:
isni
035 ## - SYSTEM CONTROL NUMBER
- System control number:
(OCoLC)oca03280549
040 ## - CATALOGING SOURCE
- Original cataloging agency:
DLC
- Language of cataloging:
eng
- Description conventions:
rda
- Transcribing agency:
DLC
- Modifying agency:
DLC
- Modifying agency:
OCoLC
- Modifying agency:
NjP
- Modifying agency:
NjUpM
- Modifying agency:
OhKeUAV
- Modifying agency:
NL-TiUL
046 ## - SPECIAL CODED DATES
- Birth date:
1957-08-24
- Source of date scheme:
edtf
053 #0 - LC CLASSIFICATION NUMBER
- Classification number element--single number or beginning number of span:
PR6056.R88
100 1# - HEADING--PERSONAL NAME
- Personal name:
Fry, Stephen,
- Dates associated with a name:
1957-
370 ## - ASSOCIATED PLACE
- Place of birth:
Hampstead (London, England)
- Source of term:
naf
372 ## - FIELD OF ACTIVITY
- Field of activity:
Authorship
- Field of activity:
Motion picture authorship
- Field of activity:
Acting
- Field of activity:
Motion picture acting
- Field of activity:
Comedy
- Source of term:
lcsh
374 ## - OCCUPATION
- Occupation:
Authors
- Occupation:
Screenwriters
- Occupation:
Actors
- Occupation:
Comedians
- Source of term:
lcsh
375 ## - GENDER
- Gender:
Males
- Source of term:
lcdgt
377 ## - ASSOCIATED LANGUAGE
400 1# - SEE FROM TRACING--PERSONAL NAME
- Personal name:
Fry, Stephen John
400 1# - SEE FROM TRACING--PERSONAL NAME
- Personal name:
Фрай, Стивен,
- Dates associated with a name:
1957-
500 1# - SEE ALSO FROM TRACING--PERSONAL NAME
- Control subfield:
r
- Relationship information:
Alternate identity:
- Personal name:
Fry, Stephen,
- Titles and other words associated with a name:
Mrs.
670 ## - SOURCE DATA FOUND
- Source citation:
The liar, 1993:
- Information found:
CIP t.p. (Stephen Fry) data sheet (b. 8/24/57)
670 ## - SOURCE DATA FOUND
- Source citation:
WW, 1993
- Information found:
(Fry, Stephen John, b. 1957; writer, actor, comedian; author of Me and my girl)
670 ## - SOURCE DATA FOUND
- Source citation:
Mrs Fry's diary, 2010:
- Information found:
p. preceding t.p. (Stephen Fry [writing as fictitious Mrs. Stephen (Edna) Fry])
670 ## - SOURCE DATA FOUND
- Source citation:
IMDb, searched August 14, 2019
- Information found:
(Stephen Fry (I); actor, writer, producer; born August 24, 1957, Hampstead, London, England)
- Uniform Resource Identifier:
https://www.imdb.com/name/nm0000410/?ref_=ttfc_fc_cl_t8